| 000 | 00531cam a2200169 a 4500 | ||
|---|---|---|---|
| 020 | _a0895884844 (pbk.) : | ||
| 082 | 0 | 0 |
_a005.7565 _bSIM _cMCL02,P118 |
| 100 | 1 |
_aSimpson, Alan, _936894 |
|
| 245 | 1 | 0 |
_adBase instant reference / _cAlan Simpson. |
| 260 |
_aDelhi : _bBPB Publication, _cc1988. |
||
| 300 |
_aviii, 471 p. : _bill. ; _c21 cm. |
||
| 500 | _a"For dBase III and III plus"--Cover. | ||
| 500 | _aIncludes indexes. | ||
| 526 |
_a0 _b0 _c0 _d005_756500000000000_SIM |
||
| 650 | 0 |
_aDatabase management. _918068 |
|
| 942 |
_2ddc _cBK |
||
| 999 |
_c541845 _d541845 |
||